Bio je o životnom štýle
Vplyv ekologického poľnohospodárstva a konzumácie bioproduktov na zdravie. Na Slovensku je situácia v bioproduktoch slabá. Trochu lepšia sortimentová situácia je v špecializovaných predajniach s bioponukou, ktorých je na Slovensku 51. Zákazníci na bioprodukty. Česko je ďalej. Stav v Nemecku a USA.
Salvato in:
| Autore principale: | |
|---|---|
| Natura: | Capitolo di libro |
| Lingua: | slovacco |
| Soggetti: | |
| Tags: |
Nessun Tag, puoi essere il primo ad aggiungerne!!
|
MARC
| LEADER | 00000naa$a2200000$$$4500 | ||
|---|---|---|---|
| 001 | 0049866 | ||
| 005 | 20231107130513.4 | ||
| 041 | 0 | |a slo | |
| 044 | |a SK | ||
| 245 | 1 | 0 | |a Bio je o životnom štýle |c Andrea Hinková-Dibarborová |
| 520 | |a Vplyv ekologického poľnohospodárstva a konzumácie bioproduktov na zdravie. Na Slovensku je situácia v bioproduktoch slabá. Trochu lepšia sortimentová situácia je v špecializovaných predajniach s bioponukou, ktorých je na Slovensku 51. Zákazníci na bioprodukty. Česko je ďalej. Stav v Nemecku a USA. | ||
| 610 | 2 | 0 | |a bioprodukty |
| 610 | 2 | 0 | |a biopriemysel |
| 610 | 2 | 0 | |a výživa |
| 610 | 2 | 0 | |a zdravie |
| 610 | 2 | 0 | |a predajne |
| 610 | 2 | 0 | |a Slovensko |
| 610 | 2 | 0 | |a Česko |
| 610 | 2 | 0 | |a Nemecko |
| 610 | 2 | 0 | |a USA |
| 100 | 1 | |a Hinková-Dibarborová, Andrea | |